00593nam a22002057a 450000500170000001000130001702000230003003500130005303700160006604000120008208200130009410000180010724500450012526000480017027000540021830000200027250000510029265000210034365000230036420170124110233.0 aB-227439 c650.00a8189000470 aB-227439 bCen Lib/Ret aDPLbEN a637bKAP aKapoor, Ajay  aMilk and its products /cby Ajay Kapoor  aNew DelhibVishvabharti publications c2005 bNew Delhia4378/4B Ansari road, Daryaganje110002 a281p.c23cm(Hb) aIncludes bibliographical references and index  aDairy processing aMilk productionx